The Penguin dictionary of economics (Record no. 2718)
[ view plain ]
| 000 -LEADER | |
|---|---|
| fixed length control field | 00448nam a2200181Ia 4500 |
| 001 - CONTROL NUMBER | |
| control field | 2408 |
| 008 - FIXED-LENGTH DATA ELEMENTS--GENERAL INFORMATION | |
| fixed length control field | 140314s9999 xx 000 0 und d |
| 020 ## - INTERNATIONAL STANDARD BOOK NUMBER | |
| International Standard Book Number | 0140512551 |
| 040 ## - CATALOGING SOURCE | |
| Transcribing agency | PK-LaUMT |
| 082 ## - DEWEY DECIMAL CLASSIFICATION NUMBER | |
| Classification number | R 330.03 |
| Item number | BAN-P |
| 100 ## - MAIN ENTRY--PERSONAL NAME | |
| Personal name | Bannock, Graham, Ed. |
| 245 #4 - TITLE STATEMENT | |
| Title | The Penguin dictionary of economics |
| Statement of responsibility, etc | Bannock, Graham, Ed. |
| 250 ## - EDITION STATEMENT | |
| Edition statement | 3rd |
| 260 ## - PUBLICATION, DISTRIBUTION, ETC. (IMPRINT) | |
| Place of publication, distribution, etc | London,UK: |
| Name of publisher, distributor, etc | Penguin Books, |
| Date of publication, distribution, etc | 1992 |
| 300 ## - PHYSICAL DESCRIPTION | |
| Extent | 448 p. |
| 546 ## - LANGUAGE NOTE | |
| Language note | EN |
| 942 ## - ADDED ENTRY ELEMENTS (KOHA) | |
| Koha item type | Books |
| Withdrawn status | Lost status | Source of classification or shelving scheme | Damaged status | Not for loan | Home library | Current library | Date acquired | Total Checkouts | Full call number | Barcode | Date last seen | Price effective from | Koha item type |
|---|---|---|---|---|---|---|---|---|---|---|---|---|---|
| Withdrawn | Dewey Decimal Classification | Damaged | Not For Loan | UMT Main Campus | UMT Main Campus | 2014-03-14 | R 330.03 BAN-P | 1991 | 2014-03-14 | 2014-03-14 | Books |
